Anime and Manga characters I like Quiz Stats

 Plays Quiz not verified by Sporcle

Score 0/100 Timer 15:00
2 Plays Today
% Correct
Katsuki Bakugou
77.8%
Shigeo Kageyama
62.7%
Kirishima Ejirou
60.1%
Mina Ashido
57%
Jotaro Kujo
54.4%
Kyoka Jiro
53.2%
Emma
46.8%
Chihiro
46.2%
Josuke Higashikata
46.2%
Franken Stein
44.3%
Mei Hatsume
44.3%
King
44.3%
Norman
41.1%
Reigen Arataka
39.2%
Ray
38%
Caesar Zeppeli
36.1%
Kira Yoshikage
36.1%
Twice
36.1%
Ekubo
35.4%
Noriaki Kakyoin
35.4%
Hitoshi Shinso
35.4%
Isabella
34.8%
Emi Fukukado
34.8%
Dio
31.6%
Guido Mista
31%
Nagito Komaeda
31%
Metal Bat
30.4%
Jolyne Cujoh
30.4%
Rohan Kishibe
30.4%
Tsumugi Kotobuki
29.7%
Narangia Ghirga
28.5%
Trina Una
27.2%
Neito Monoma
27.2%
Osomatsu Matsuno
25.9%
% Correct
Vinegar Doppio
25.9%
Kofuku
25.9%
Hajime Hinata
25.3%
Mitsuki Bakugou
25.3%
Ruka Urushibara
24.1%
Reg
23.4%
Ibuki Mioda
23.4%
Diego Brando
22.8%
Satoru Fujinuma
22.2%
Kokichi Ouma
22.2%
Gyro Zeppeli
22.2%
Sophie
21.5%
Tamaki Amajiki
21.5%
Gilda
21.5%
Suzuha Amane
20.9%
Zombieman
20.3%
Hayato Gokudera
20.3%
K1-B0
20.3%
Reimi Sugimoto
20.3%
Weather Report
20.3%
Shuichi Saihara
19.6%
Nanachi
19%
Tomoko Higashikata
19%
Lambo
19%
Perona
18.4%
Kyoya Hibari
17.7%
Coco Jumbo
17.7%
Sakuta Azusagawa
17.1%
Miu Iruma
16.5%
Seishuu Handa
15.8%
Ozen
15.2%
Teruki Hanazawa
15.2%
Rilakkuma
15.2%
Maho Hiyajo
14.6%
% Correct
Rio Futaba
13.9%
Katsuya Serizawa
13.9%
Chisa Yukizome
13.9%
Monaca Towa
13.3%
Eruka Frog
12.7%
You Watanabe
12.7%
Kyosuke Munakata
12%
Ueno
11.4%
Naru Kotoishi
11.4%
Hifumi Takimoto
10.8%
Ginti
10.8%
Aya Tsuji
10.1%
Kou Yagami
8.9%
Sho Suzuki
8.9%
Tadano Hitohito
8.9%
Juzo Sakakura
8.9%
Beli Lapran
7.6%
Setsuna Tokage
7%
Osana Najimi
6.3%
Kousuke Ooshiba
6.3%
Cheelai
6.3%
Tanaka
5.7%
Imai Lisa
5.7%
Bondrewd
5.7%
Uehara Himari
5.1%
Emi
5.1%
Manbagi Rumiko
5.1%
Masahiro Setagawa
5.1%
Sakaki
4.4%
Korilakkuma
4.4%
Kaoru
3.8%
Yukari Tanizaki
3.2%

You're not logged in!

Compare scores with friends on all Sporcle quizzes.
OR
Log In

Show Comments

Extras

Top Quizzes Today


Score Distribution

Your Account Isn't Verified!

In order to create a playlist on Sporcle, you need to verify the email address you used during registration. Go to your Sporcle Settings to finish the process.

Report this User

Report this user for behavior that violates our Community Guidelines.

Details: